Indian cities: towards next millennium (Record no. 403273)

000 -LEADER
fixed length control field 00464cam a22001577a 4500
008 - FIXED-LENGTH DATA ELEMENTS--GENERAL INFORMATION
fixed length control field 180718b1999 xxu||||| |||| 00| 0 eng d
020 ## - INTERNATIONAL STANDARD BOOK NUMBER
International Standard Book Number 817033502x
082 ## - DEWEY DECIMAL CLASSIFICATION NUMBER
Classification number B131x54 R18
245 ## - TITLE STATEMENT
Title Indian cities: towards next millennium
Statement of responsibility, etc. edited by R. Ram Mohan Rao and S. Simhadri
260 ## - PUBLICATION, DISTRIBUTION, ETC.
Place of publication, distribution, etc. Jaipur
Name of publisher, distributor, etc. Rawat Pub.
Date of publication, distribution, etc. 1999
300 ## - PHYSICAL DESCRIPTION
Extent 243p.
650 ## - SUBJECT ADDED ENTRY--TOPICAL TERM
Topical term or geographic name entry element City planning - India
650 ## - SUBJECT ADDED ENTRY--TOPICAL TERM
Topical term or geographic name entry element Urbanization - India
700 ## - ADDED ENTRY--PERSONAL NAME
Personal name Simhadri, S.
700 ## - ADDED ENTRY--PERSONAL NAME
Personal name Rao, R. Ram Mohan
Holdings
Withdrawn status Lost status Damaged status Not for loan Permanent Location Current Location Date acquired Full call number Barcode Date last seen Price effective from Koha item type
        Indian Institute of Public Administration Indian Institute of Public Administration 2005-01-13 B131x54 R18 DA6257 2018-07-21 2018-07-21 DA

Powered by Koha